|
|
|
|
| LEADER |
00000nam0a2200000 4500 |
| 001 |
106048 |
| 005 |
20231031114739.0 |
| 010 |
|
|
|a 5942752605
|
| 035 |
|
|
|a (RuTPU)RU\TPU\book\114441
|
| 090 |
|
|
|a 106048
|
| 100 |
|
|
|a 20061130d2006 km y0rusy50 ca
|
| 101 |
0 |
|
|a rus
|
| 102 |
|
|
|a RU
|
| 105 |
|
|
|a a z 001zy
|
| 200 |
1 |
|
|a Повышение эффективности региональных образовательных компьютерных сетей с использованием элементов структурного анализа и теории сложности
|f В. Е. Подольский, С. С. Толстых
|
| 210 |
|
|
|a Москва
|c Машиностроение-1
|d 2006
|
| 215 |
|
|
|a 176 с.
|c ил.
|
| 320 |
|
|
|a Библиогр.: с. 162-173.
|
| 330 |
|
|
|a Рассмотрены аспекты повышения эффективности региональных образовательных компьютерных сетей (РОКС) с использованием элементов структурного анализа. Приводятся этапы развития РОКС на. примере Тамбовской области. Дан анализ возможных мероприятий, направленных на повышение эффективности функционирования РОКС и показана целесообразность оценки структурной сложности как процедуры, позволяющей производить анализ текущего состояния РОКС и вырабатывать решения по ее реконструкции и поддержки заданного качества обслуживания клиентов. Приводится материал по основам теории сложности замкнутых систем большой размерности. Даны постановки задач оптимизации РОКС с участием авторских критериев оценки структурной сложности. Предназначена для специалистов в области информатики, связи, системного анализа и программирования, а также студентов и аспирантов, специализирующихся в этих областях знаний.
|
| 610 |
1 |
|
|a компьютерные сети
|
| 610 |
1 |
|
|a региональные сети
|
| 610 |
1 |
|
|a анализ
|
| 610 |
1 |
|
|a структурная сложность
|
| 610 |
1 |
|
|a оценка
|
| 610 |
1 |
|
|a критерии
|
| 610 |
1 |
|
|a функционирование
|
| 610 |
1 |
|
|a эффективность
|
| 675 |
|
|
|a 681.324
|v 3
|
| 700 |
|
1 |
|a Подольский
|b В. Е.
|g Владимир Ефимович
|
| 701 |
|
1 |
|a Толстых
|b С. С.
|g Сергей Степанович
|
| 801 |
|
1 |
|a RU
|b 63413507
|c 20061130
|g PSBO
|
| 801 |
|
2 |
|a RU
|b 63413507
|c 20061227
|g PSBO
|
| 942 |
|
|
|c BK
|